[Event "BL 1112 (Women)"]
[Site "Germany"]
[Date "2011.10.30"]
[Round "2.6"]
[White "Scheynin, Julia"]
[Black "Janotta, Steffi"]
[Result "1-0"]
[WhiteElo "2011"]
[BlackElo "2036"]
[PlyCount "55"]
[EventDate "2011.10.29"]
[EventType "team-tourn"]
[EventRounds "11"]
[EventCountry "GER"]
[SourceTitle "EXT 2013"]
[Source "ChessBase"]
[SourceDate "2012.11.22"]
[SourceVersion "1"]
[SourceVersionDate "2012.11.22"]
[SourceQuality "1"]
[WhiteTeam "Karlsruhe (W)"]
[BlackTeam "Friedberg (W)"]
[WhiteTeamCountry "GER"]
[BlackTeamCountry "GER"]

1. Nf3 d5 2. d3 Nf6 3. Nbd2 Bf5 4. g3 e6 5. Bg2 Be7 6. 0-0 0-0 7. Qe1 h6 8. e4 Bh7 9. Qe2 c6 10. Ne5 a5 11. Kh1 Na6 12. Ng4 a4 13. Nxf6+ Bxf6 14. e5 Be7 15. a3 Qc7 16. f4 c5 17. c4 dxc4 18. dxc4 Rfd8 19. Ne4 Rd4 20. Bd2 Nb8 21. Bc3 Rd7 22. Qf2 Bxe4 23. Bxe4 Nc6 24. f5 Bf8 25. fxe6 fxe6 26. Rae1 Na5 27. Qe2 Qd8 28. Qg4 1-0

[Event "BL 1011 (Women)"]
[Site "Germany"]
[Date "2011.03.12"]
[Round "10.4"]
[White "Janotta, Steffi"]
[Black "Gromova, Iulia"]
[Result "0-1"]
[WhiteElo "2054"]
[BlackElo "2241"]
[PlyCount "50"]
[EventDate "2010.11.06"]
[EventType "team-tourn"]
[EventRounds "11"]
[EventCountry "GER"]
[SourceTitle "EXT 2012"]
[Source "ChessBase"]
[SourceDate "2011.11.24"]
[SourceVersion "1"]
[SourceVersionDate "2011.11.24"]
[SourceQuality "1"]
[WhiteTeam "Torgelow (W)"]
[BlackTeam "Bad Koenigshofen (W)"]
[WhiteTeamCountry "GER"]
[BlackTeamCountry "GER"]

1. e4 c6 2. d4 d5 3. exd5 cxd5 4. c4 Nf6 5. Nc3 e6 6. Bg5 Bb4 7. Qa4+ Nc6 8. Nf3 0-0 9. c5 h6 10. Bh4 Bd7 11. Bb5 a6 12. Bxc6 Bxc3+ 13. bxc3 Bxc6 14. Qb4 Bb5 15. Bxf6 Qxf6 16. a4 Bc4 17. Ne5 Qg5 18. g3 a5 19. Qxb7 Rab8 20. Qa7 Qf5 21. Nxc4 Qe4+ 22. Ne3 Qxh1+ 23. Nf1 Qe4+ 24. Ne3 Qh1+ 25. Nf1 Rb2 0-1

[Event "BL 1011 (Women)"]
[Site "Germany"]
[Date "2011.02.20"]
[Round "9.4"]
[White "Janotta, Steffi"]
[Black "Hegeler, Anja"]
[Result "0-1"]
[WhiteElo "2054"]
[BlackElo "2183"]
[PlyCount "68"]
[EventDate "2010.11.06"]
[EventType "team-tourn"]
[EventRounds "11"]
[EventCountry "GER"]
[SourceTitle "EXT 2012"]
[Source "ChessBase"]
[SourceDate "2011.11.24"]
[SourceVersion "1"]
[SourceVersionDate "2011.11.24"]
[SourceQuality "1"]
[WhiteTeam "Torgelow (W)"]
[BlackTeam "Hamburger SK (W)"]
[WhiteTeamCountry "GER"]
[BlackTeamCountry "GER"]

1. e4 e6 2. d4 d5 3. e5 c5 4. c3 Nc6 5. Nf3 Qb6 6. a3 c4 7. Nbd2 Na5 8. Rb1 Bd7 9. h4 h6 10. g3 Ne7 11. Bg2 Nb3 12. 0-0 Ba4 13. Qe2 0-0-0 14. Nxb3 Qxb3 15. Bf4 Nc6 16. Nd2 Qb6 17. Rfc1 Kb8 18. Be3 Be7 19. Qf3 Rhf8 20. Qg4 Rg8 21. Qf3 Rdf8 22. Bh3 Ka8 23. Qe2 g5 24. h5 f5 25. exf6 Rxf6 26. Nxc4 Qa6 27. b3 Bxa3 28. Ra1 Bxb3 29. Rxa3 Bxc4 30. Qb2 Qb5 31. Qc2 Qb6 32. Qh7 Rgf8 33. Rb1 R6f7 34. Qxf7 Qxb1+ 0-1

[Event "Hessenliga 1011"]
[Site "Germany"]
[Date "2011.01.23"]
[Round "5.8"]
[White "Janotta, Steffi"]
[Black "Novak, Volker"]
[Result "0-1"]
[WhiteElo "2054"]
[BlackElo "2107"]
[PlyCount "116"]
[EventDate "2010.09.26"]
[EventType "team-tourn"]
[EventRounds "9"]
[EventCountry "GER"]
[SourceTitle "EXT 2012"]
[Source "ChessBase"]
[SourceDate "2011.11.24"]
[SourceVersion "1"]
[SourceVersionDate "2011.11.24"]
[SourceQuality "1"]
[WhiteTeam "Heusenstamm"]
[BlackTeam "Bad Homburg"]
[WhiteTeamCountry "GER"]
[BlackTeamCountry "GER"]

1. e4 c6 2. d4 d5 3. Nc3 dxe4 4. Nxe4 Nd7 5. Bc4 e6 6. Ne2 Ngf6 7. N4g3 c5 8. 0-0 Qc7 9. Bf4 Bd6 10. Bxd6 Qxd6 11. Re1 0-0 12. c3 b6 13. Qd2 Bb7 14. Nf4 cxd4 15. cxd4 Rac8 16. Bd3 Rfd8 17. Rad1 Rc7 18. Bb1 g6 19. h4 Nd5 20. Nd3 Ne7 21. Qe3 Rc4 22. Nf4 Nf6 23. Nfe2 Rc7 24. f3 Ned5 25. Qg5 Qe7 26. a3 Kg7 27. h5 h6 28. Qe5 g5 29. Ba2 Qd6 30. Rc1 Rdd7 31. Bxd5 Qxe5 32. dxe5 Nxd5 33. Ne4 Kf8 34. Nd4 a6 35. Nd6 Ke7 36. Rc4 b5 37. Rc2 Rxc2 38. Nxc2 Rc7 39. Nd4 Nf4 40. Kf2 Nd3+ 41. Ke2 Nxe1 42. Kxe1 Bd5 43. Kd2 f6 44. Ne4 fxe5 45. Nc2 Rc4 46. Kd3 g4 47. b3 gxf3 48. gxf3 Bxe4+ 49. fxe4 Rc8 50. a4 bxa4 51. bxa4 Kf6 52. Ne1 Kg5 53. Nf3+ Kf4 54. Ne1 Rd8+ 55. Kc3 Kxe4 56. Kb4 Rd5 57. a5 Ke3 58. Nc2+ Kd2 0-1

[Event "Main Vogelsberg op 4th"]
[Site "Heusenstamm"]
[Date "2009.05.01"]
[Round "3"]
[White "Gramlich, Sebastian"]
[Black "Janotta, Steffi"]
[Result "0-1"]
[WhiteElo "2225"]
[BlackElo "2027"]
[PlyCount "120"]
[EventDate "2009.04.30"]
[EventType "swiss"]
[EventRounds "7"]
[EventCountry "GER"]
[SourceTitle "CBM 130 Extra"]
[Source "ChessBase"]
[SourceDate "2009.07.02"]
[SourceVersion "2"]
[SourceVersionDate "2009.07.15"]
[SourceQuality "1"]

1. d4 d5 2. c4 c6 3. Nf3 Nf6 4. Nc3 dxc4 5. a4 Bf5 6. Ne5 e6 7. g3 Nbd7 8. Nxc4 Bb4 9. a5 Be4 10. f3 Bd5 11. e4 Bxc4 12. Bxc4 Bxa5 13. 0-0 0-0 14. e5 Nd5 15. Ne4 Qc7 16. f4 Bb4 17. Qg4 Rfd8 18. Bxd5 cxd5 19. Ng5 h6 20. Nxf7 Kxf7 21. f5 exf5 22. Rxf5+ Kg8 23. Bxh6 Bf8 24. Rc1 Nxe5 25. dxe5 Qb6+ 26. Kh1 Qxh6 27. Rc7 Re8 28. Rh5 Qe6 29. Qh4 Be7 30. Rh8+ Kf7 31. Qh5+ Qg6 32. Rxe7+ Rxe7 33. Qxg6+ Kxg6 34. Rxa8 a6 35. Rd8 Rxe5 36. Rd6+ Kf5 37. Rd7 Re1+ 38. Kg2 Re2+ 39. Kf3 Rxb2 40. Rxg7 Rb3+ 41. Ke2 Ke4 42. Rg4+ Kf5 43. Rg7 a5 44. Kd2 a4 45. Kc2 d4 46. Rd7 Ke5 47. g4 b5 48. h4 Rc3+ 49. Kb1 b4 50. h5 Rg3 51. Re7+ Kf6 52. Re4 Rd3 53. Kc2 Rc3+ 54. Kb1 Rc4 55. Ka2 Kg5 56. Kb2 b3 57. Ka3 Rc2 58. Kxa4 b2 59. Re5+ Kxg4 60. Rb5 d3 0-1

[Event "Main Vogelsberg op 4th"]
[Site "Heusenstamm"]
[Date "2009.04.30"]
[Round "1"]
[White "Bokemaer, David"]
[Black "Janotta, Steffi"]
[Result "0-1"]
[WhiteElo "1412"]
[BlackElo "2027"]
[PlyCount "86"]
[EventDate "2009.04.30"]
[EventType "swiss"]
[EventRounds "7"]
[EventCountry "GER"]
[SourceTitle "CBM 130 Extra"]
[Source "ChessBase"]
[SourceDate "2009.07.02"]
[SourceVersion "2"]
[SourceVersionDate "2009.07.15"]
[SourceQuality "1"]

1. e4 d6 2. Nf3 Nf6 3. Nc3 g6 4. d4 Bg7 5. h3 0-0 6. Bc4 c6 7. Bb3 b5 8. a3 Ba6 9. Be3 Qa5 10. 0-0 Qc7 11. Re1 Nbd7 12. Qd2 e5 13. Rad1 Bb7 14. d5 c5 15. Nxb5 Qb6 16. Nc3 Nh5 17. Ba4 Qd8 18. Nb5 Nb6 19. Bb3 f5 20. exf5 gxf5 21. Bg5 Bf6 22. Bxf6 Nxf6 23. Qh6 a6 24. Nc3 Rc8 25. Ng5 Qe7 26. Ne6 Rf7 27. Rd3 c4 28. Rg3+ Kh8 29. Ba2 Nbxd5 30. Nxd5 Nxd5 31. Rg6 Rf6 32. Rxf6 Nxf6 33. Nd4 Be4 34. Ne2 Bxc2 35. Nf4 Qg7 36. Qxg7+ Kxg7 37. Ne2 d5 38. f3 d4 39. Bb1 Bxb1 40. Rxb1 Nd5 41. Kf2 Rb8 42. Ng3 c3 43. b4 d3 0-1

[Event "BL2 Ost 0809 (Women)"]
[Site "Germany"]
[Date "2009.03.07"]
[Round "6.3"]
[White "Janotta, Steffi"]
[Black "Stark, Saskia"]
[Result "1-0"]
[WhiteElo "2027"]
[BlackElo "1912"]
[PlyCount "41"]
[EventDate "2008.11.08"]
[EventType "team-tourn"]
[EventRounds "7"]
[EventCountry "GER"]
[SourceTitle "EXT 2010"]
[Source "ChessBase"]
[SourceDate "2010.11.25"]
[SourceVersion "1"]
[SourceVersionDate "2010.11.25"]
[SourceQuality "1"]
[WhiteTeam "Torgelow (W)"]
[BlackTeam "Dresden Gruen Weiss (W)"]
[WhiteTeamCountry "GER"]
[BlackTeamCountry "GER"]

1. e4 c5 2. Nf3 e6 3. d4 cxd4 4. Nxd4 a6 5. c4 Nf6 6. Bd3 Qc7 7. Nc3 Bb4 8. 0-0 Bxc3 9. bxc3 d6 10. f4 Nbd7 11. Qe2 b6 12. Rf3 Bb7 13. Rg3 0-0 14. Ba3 Rfd8 15. Re1 Nc5 16. e5 Ne8 17. Bc2 d5 18. Qh5 Ne4 19. cxd5 exd5 20. Rh3 h6 21. Nf5 1-0

[Event "BL 0708 (Women)"]
[Site "Germany"]
[Date "2008.01.27"]
[Round "7.5"]
[White "Fuchs, Judith"]
[Black "Janotta, Steffi"]
[Result "1-0"]
[WhiteElo "2151"]
[BlackElo "2031"]
[PlyCount "77"]
[EventDate "2007.11.10"]
[EventType "team-tourn"]
[EventRounds "11"]
[EventCountry "GER"]
[SourceTitle "EXT 2009"]
[Source "ChessBase"]
[SourceDate "2008.11.26"]
[SourceVersion "1"]
[SourceVersionDate "2008.11.26"]
[SourceQuality "1"]
[WhiteTeam "Leipzig Gohlis (W)"]
[BlackTeam "Torgelow (W)"]
[WhiteTeamCountry "GER"]
[BlackTeamCountry "GER"]

1. e4 d6 2. d4 Nf6 3. Nc3 g6 4. Be3 a6 5. h3 b5 6. Bd3 Nbd7 7. Nce2 c5 8. c3 Bb7 9. Ng3 h5 10. h4 Ng4 11. Bg5 Qa5 12. Qd2 Bg7 13. Nf3 Nf8 14. d5 Nh7 15. Bf4 0-0 16. 0-0 Nhf6 17. Rfe1 Qb6 18. Nf1 a5 19. N1h2 Rab8 20. Bc2 c4 21. Nd4 b4 22. f3 Nxh2 23. Kxh2 Nd7 24. Bh6 Ne5 25. Bxg7 Kxg7 26. Qg5 Bc8 27. Qxe7 Rb7 28. Qg5 f6 29. Qe3 Qd8 30. Kg1 g5 31. Nc6 Nxc6 32. dxc6 Re7 33. hxg5 fxg5 34. Qxg5+ Kh8 35. e5 Qb6+ 36. Kf1 Rg7 37. Qh6+ Kg8 38. Be4 Qc5 39. Rad1 1-0

[Event "BL 0708 (Women)"]
[Site "Germany"]
[Date "2008.01.26"]
[Round "6.5"]
[White "Janotta, Steffi"]
[Black "Just, Anita"]
[Result "0-1"]
[WhiteElo "2031"]
[BlackElo "1995"]
[PlyCount "98"]
[EventDate "2007.11.10"]
[EventType "team-tourn"]
[EventRounds "11"]
[EventCountry "GER"]
[SourceTitle "EXT 2009"]
[Source "ChessBase"]
[SourceDate "2008.11.26"]
[SourceVersion "1"]
[SourceVersionDate "2008.11.26"]
[SourceQuality "1"]
[WhiteTeam "Torgelow (W)"]
[BlackTeam "Leipzig WBA (W)"]
[WhiteTeamCountry "GER"]
[BlackTeamCountry "GER"]

1. e4 e6 2. d4 d5 3. e5 c5 4. c3 Nc6 5. Nf3 Qb6 6. a3 Bd7 7. Be2 Nge7 8. b4 cxd4 9. cxd4 Nf5 10. Be3 h5 11. 0-0 Rc8 12. Qd3 Be7 13. Nc3 Qc7 14. Rac1 Qb8 15. Bd1 f6 16. Ne2 fxe5 17. dxe5 Nxe5 18. Rxc8+ Bxc8 19. Nxe5 Qxe5 20. Bf4 Qf6 21. Ba4+ Kf7 22. Rc1 Rd8 23. Bc7 Rf8 24. Rc3 Bd6 25. Qc2 Kg8 26. Bxd6 Nxd6 27. Ng3 h4 28. Nf1 Nc4 29. Bb5 Nd6 30. Ba4 b5 31. Bxb5 Nxb5 32. Rxc8 Nxa3 33. Rxf8+ Qxf8 34. Qe2 Qd6 35. b5 Nc4 36. Qh5 Qe7 37. Ne3 Nxe3 38. fxe3 Qf6 39. Qe8+ Kh7 40. Qh5+ Qh6 41. Qe5 Qg6 42. Qb8 h3 43. g3 Qe4 44. Kf2 Qg2+ 45. Ke1 Qg1+ 46. Kd2 Qxh2+ 47. Kc3 Qf2 48. Qe8 Qxe3+ 49. Kb4 h2 0-1

[Event "BL 0708 (Women)"]
[Site "Germany"]
[Date "2007.12.02"]
[Round "4.6"]
[White "Skogvall, Martina"]
[Black "Janotta, Steffi"]
[Result "1-0"]
[WhiteElo "2083"]
[BlackElo "2031"]
[PlyCount "67"]
[EventDate "2007.11.10"]
[EventType "team-tourn"]
[EventRounds "11"]
[EventCountry "GER"]
[SourceTitle "EXT 2009"]
[Source "ChessBase"]
[SourceDate "2008.11.26"]
[SourceVersion "1"]
[SourceVersionDate "2008.11.26"]
[SourceQuality "1"]
[WhiteTeam "Grosslehna (W)"]
[BlackTeam "Torgelow (W)"]
[WhiteTeamCountry "GER"]
[BlackTeamCountry "GER"]

1. e4 d6 2. Nc3 Nf6 3. f4 g6 4. Nf3 Bg7 5. h3 Nh5 6. Ne2 e5 7. d4 exf4 8. Bxf4 Nxf4 9. Nxf4 Qe7 10. Bd3 c6 11. c3 Nd7 12. 0-0 0-0 13. Qe1 b5 14. a4 bxa4 15. Rxa4 Nb6 16. Ra1 Re8 17. Qg3 a5 18. Rf2 a4 19. h4 c5 20. h5 Bb7 21. hxg6 hxg6 22. Ng5 Bf6 23. Nxf7 Qxf7 24. Nh5 Nd7 25. e5 dxe5 26. Bxg6 Qe7 27. Bxe8+ Kh8 28. Qh3 Bh4 29. Bxd7 Rg8 30. Nf6 Rxg2+ 31. Rxg2 Qxf6 32. Rf1 Bxg2 33. Qxg2 Qe7 34. Qg6 1-0

[Event "BL 0708 (Women)"]
[Site "Germany"]
[Date "2007.11.10"]
[Round "1.4"]
[White "Hegeler, Anja"]
[Black "Janotta, Steffi"]
[Result "1-0"]
[WhiteElo "2196"]
[BlackElo "2031"]
[PlyCount "61"]
[EventDate "2007.11.10"]
[EventType "team-tourn"]
[EventRounds "11"]
[EventCountry "GER"]
[SourceTitle "EXT 2009"]
[Source "ChessBase"]
[SourceDate "2008.11.26"]
[SourceVersion "1"]
[SourceVersionDate "2008.11.26"]
[SourceQuality "1"]
[WhiteTeam "Hamburger SK (W)"]
[BlackTeam "Torgelow (W)"]
[WhiteTeamCountry "GER"]
[BlackTeamCountry "GER"]

1. e4 d6 2. d4 Nf6 3. Nc3 g6 4. Bg5 Bg7 5. Qe2 c6 6. 0-0-0 Qa5 7. f4 e5 8. dxe5 dxe5 9. fxe5 Bg4 10. Qd2 Nfd7 11. Be2 Be6 12. Nf3 0-0 13. a3 b5 14. Be7 Re8 15. Bd6 Na6 16. Nd4 b4 17. Nb1 Nxe5 18. Bxa6 Qxa6 19. Qxb4 Nc4 20. Nc3 Nxd6 21. Qxd6 Bg4 22. Rd3 Rab8 23. Qxc6 Bh6+ 24. Kb1 Qa5 25. Nd5 Kg7 26. Rf1 Bg5 27. Nb3 Rxb3 28. Rxb3 Rxe4 29. Nc3 Re3 30. Qd6 Be7 31. Qd4+ 1-0

[Event "Frankfurt-ch"]
[Site "Frankfurt"]
[Date "2007.06.04"]
[Round "5"]
[White "Henrich, Thomas"]
[Black "Janotta, Steffi"]
[Result "0-1"]
[WhiteElo "2179"]
[BlackElo "2028"]
[PlyCount "158"]
[EventDate "2007.04.30"]
[EventType "swiss"]
[EventRounds "7"]
[EventCountry "GER"]
[SourceTitle "EXT 2008"]
[Source "ChessBase"]
[SourceDate "2007.11.25"]
[SourceVersion "1"]
[SourceVersionDate "2007.11.25"]
[SourceQuality "1"]

1. d4 d5 2. c4 c6 3. Nf3 Nf6 4. Nc3 dxc4 5. a4 Bf5 6. e3 e6 7. Bxc4 Bb4 8. 0-0 0-0 9. Nh4 Bg6 10. Qb3 Qa5 11. Nxg6 hxg6 12. Na2 Bd6 13. Bxe6 Qc7 14. Bh3 Bxh2+ 15. Kh1 g5 16. Qd1 Bd6 17. Qf3 Re8 18. Nc3 Qe7 19. Bd2 Nbd7 20. e4 g4 21. Bxg4 Nxg4 22. Qxg4 Nf6 23. Qh3 Nxe4 24. Rad1 Qf6 25. Kg1 Nxd2 26. Rxd2 Re6 27. d5 cxd5 28. Rxd5 Rae8 29. Qd3 Qh6 30. Qh3 Qxh3 31. gxh3 Rg6+ 32. Kh1 Bb4 33. Na2 Re4 34. Rc1 Rh4 35. Rc8+ Kh7 36. Rd3 Ba5 37. b3 Rf4 38. Rc2 Bb6 39. Nc3 Rxf2 40. Rxf2 Bxf2 41. Ne4 Bh4 42. Nd6 Rg3 43. Rxg3 Bxg3 44. Nxb7 Kg6 45. Kg2 Be1 46. Nd8 f5 47. Nc6 a5 48. Ne5+ Kf6 49. Nd3 Bc3 50. h4 g5 51. hxg5+ Kxg5 52. Kf3 Kf6 53. Ke3 Ke6 54. Nc1 f4+ 55. Ke4 Kd6 56. Ne2 Bd2 57. Nd4 Kc5 58. Nf3 Be3 59. Kd3 Kb4 60. Kc2 Kc5 61. Ne1 Kd4 62. Nf3+ Ke4 63. Ng5+ Kf5 64. Nf3 Ke4 65. Ng5+ Kf5 66. Nf3 Kg4 67. Ne5+ Kg3 68. Kd3 f3 69. Nc4 Ba7 70. Nd2 f2 71. Ke2 Kg2 72. Nf1 Bc5 73. Nd2 Bf8 74. Nf1 Bh6 75. b4 axb4 76. a5 Bf8 77. Nd2 b3 78. a6 Bc5 79. Kd3 b2 0-1

[Event "Frankfurt-ch"]
[Site "Frankfurt"]
[Date "2007.05.07"]
[Round "2"]
[White "Janotta, Steffi"]
[Black "Wolff, Michael"]
[Result "1-0"]
[WhiteElo "2028"]
[BlackElo "1958"]
[PlyCount "103"]
[EventDate "2007.04.30"]
[EventType "swiss"]
[EventRounds "7"]
[EventCountry "GER"]
[SourceTitle "EXT 2008"]
[Source "ChessBase"]
[SourceDate "2007.11.25"]
[SourceVersion "1"]
[SourceVersionDate "2007.11.25"]
[SourceQuality "1"]

1. e4 c5 2. Nf3 Nc6 3. d4 cxd4 4. Nxd4 Nf6 5. Nc3 e5 6. Ndb5 d6 7. Bg5 a6 8. Bxf6 gxf6 9. Na3 f5 10. Qh5 b5 11. Naxb5 axb5 12. Bxb5 Bb7 13. Bc4 Qf6 14. Nd5 Qg6 15. Nc7+ Kd7 16. Qxg6 fxg6 17. Nxa8 Bxa8 18. Bd5 Be7 19. c3 Rb8 20. Rb1 Nd8 21. f3 Ne6 22. 0-0 Bxd5 23. exd5 Nc7 24. c4 Ne8 25. b4 Nf6 26. a4 Bd8 27. a5 e4 28. Rfe1 Bc7 29. Kf2 Bd8 30. Ke3 Bc7 31. Kd4 Bd8 32. a6 Bb6+ 33. c5 Ba7 34. Rec1 Kd8 35. Rc4 Kd7 36. Ra1 dxc5+ 37. bxc5 Rb2 38. Ke5 Nxd5 39. Kxd5 Rd2+ 40. Rd4 Rxg2 41. fxe4 fxe4 42. Rxe4 Rd2+ 43. Rd4 Rxh2 44. Rb1 Rh5+ 45. Kc4+ Kc8 46. Rd5 Rh4+ 47. Kb5 Rf4 48. Re1 Rf7 49. Re6 Rd7 50. Re8+ Kc7 51. Rxd7+ Kxd7 52. Rh8 1-0

[Event "GER-chT U20 Girls"]
[Site "Torgelow"]
[Date "2006.12.30"]
[Round "7.1"]
[White "Janotta, Steffi"]
[Black "Gussakovski, Jana"]
[Result "1/2-1/2"]
[WhiteElo "2029"]
[BlackElo "2090"]
[PlyCount "100"]
[EventDate "2006.12.27"]
[EventType "team-swiss"]
[EventRounds "7"]
[EventCountry "GER"]
[SourceTitle "EXT 2008"]
[Source "ChessBase"]
[SourceDate "2007.11.25"]
[SourceVersion "1"]
[SourceVersionDate "2007.11.25"]
[SourceQuality "1"]
[WhiteTeam "Torgelow Droegeheide U20 Girls"]
[BlackTeam "Stuttgart Wolfbusch U20 Girls"]
[WhiteTeamCountry "GER"]
[BlackTeamCountry "GER"]

1. e4 c5 2. Nf3 Nc6 3. d4 cxd4 4. Nxd4 g6 5. c4 Nf6 6. Nc3 Nxd4 7. Qxd4 d6 8. Be2 Bg7 9. Be3 0-0 10. Qd2 Be6 11. Rc1 Qa5 12. 0-0 Rfc8 13. b3 a6 14. f3 b5 15. cxb5 axb5 16. Bd4 Bd7 17. Qe3 b4 18. Bxf6 Bxf6 19. Nd5 Qxa2 20. Nxb4 Qb2 21. Rb1 Bd4 22. Rxb2 Bxe3+ 23. Kh1 Be6 24. Nd5 Bxd5 25. exd5 Rcb8 26. Bc4 Ra7 27. Re2 Bd4 28. g4 Rbb7 29. Kg2 Ra1 30. Rxa1 Bxa1 31. f4 Kg7 32. Kf3 Bc3 33. Ra2 Bb4 34. Ke4 Bc5 35. Kd3 Ra7 36. Ba6 Kf6 37. Ra4 e5 38. b4 Bxb4 39. g5+ Ke7 40. Rxb4 Rxa6 41. Rb7+ Ke8 42. fxe5 Ra3+ 43. Kc4 dxe5 44. Kc5 e4 45. d6 e3 46. Kc6 Rc3+ 47. Kd5 Rd3+ 48. Kc6 Rc3+ 49. Kd5 Rd3+ 50. Kc6 Rc3+ 1/2-1/2

[Event "Saarbruecken-chT U20"]
[Site "Saarbruecken"]
[Date "2006.11.24"]
[Round "7.3"]
[White "Strunski, Andreas"]
[Black "Janotta, Steffi"]
[Result "1-0"]
[WhiteElo "2181"]
[BlackElo "2029"]
[PlyCount "45"]
[EventDate "2006.11.??"]
[EventType "team"]
[EventRounds "7"]
[EventCountry "GER"]
[SourceTitle "EXT 2008"]
[Source "ChessBase"]
[SourceDate "2007.11.25"]
[SourceVersion "1"]
[SourceVersionDate "2007.11.25"]
[SourceQuality "1"]

1. d4 d5 2. c4 c6 3. Nc3 Nf6 4. Nf3 dxc4 5. a4 Bf5 6. Ne5 e6 7. g3 Bb4 8. Bg2 0-0 9. 0-0 Nbd7 10. Nxc4 Bg6 11. a5 Rc8 12. Qb3 Bxc3 13. bxc3 b5 14. axb6 axb6 15. Bf4 Nd5 16. Bd6 Re8 17. e4 Nc7 18. Bf4 Nb5 19. Rfd1 Qe7 20. d5 Nc5 21. Qb4 Bxe4 22. d6 Qb7 23. Bxe4 1-0

[Event "Saarbruecken-chT U20"]
[Site "Saarbruecken"]
[Date "2006.11.23"]
[Round "5.2"]
[White "Janotta, Steffi"]
[Black "Geske, Julian"]
[Result "0-1"]
[WhiteElo "2029"]
[BlackElo "2148"]
[PlyCount "52"]
[EventDate "2006.11.??"]
[EventType "team"]
[EventRounds "7"]
[EventCountry "GER"]
[SourceTitle "EXT 2008"]
[Source "ChessBase"]
[SourceDate "2007.11.25"]
[SourceVersion "1"]
[SourceVersionDate "2007.11.25"]
[SourceQuality "1"]

1. e4 e5 2. Nf3 Nc6 3. Bb5 a6 4. Ba4 Nf6 5. 0-0 Nxe4 6. d4 b5 7. Bb3 d5 8. dxe5 Be6 9. c3 Bc5 10. Nbd2 0-0 11. Bc2 Nxf2 12. Rxf2 f6 13. exf6 Bxf2+ 14. Kxf2 Qxf6 15. Nb3 Ne5 16. Nbd4 Bg4 17. b4 Rae8 18. Bb2 Nxf3 19. Nxf3 Bxf3 20. gxf3 Qh4+ 21. Kg1 Re5 22. Bb3 Rg5+ 23. Kh1 Qf2 24. Bxd5+ Kh8 25. f4 Rxf4 26. Bb7 Qxh2+ 0-1

[Event "GER-chT U20 Girls"]
[Site "Naunhof"]
[Date "2005.12.29"]
[Round "5.1"]
[White "Janotta, Steffi"]
[Black "Samorukova, Jana"]
[Result "1-0"]
[WhiteElo "1865"]
[BlackElo "1609"]
[PlyCount "119"]
[EventDate "2005.12.27"]
[EventType "team-swiss"]
[EventRounds "7"]
[EventCountry "GER"]
[SourceTitle "CBM 110 Extra"]
[Source "ChessBase"]
[SourceDate "2006.03.10"]
[SourceVersion "2"]
[SourceVersionDate "2006.03.10"]
[SourceQuality "1"]

1. e4 e5 2. Nf3 Nc6 3. Bb5 f5 4. d4 fxe4 5. Nxe5 Nxe5 6. dxe5 c6 7. Ba4 Qa5+ 8. c3 Qxe5 9. 0-0 Nf6 10. Be3 d5 11. Bd4 Qg5 12. f4 Qh5 13. Nd2 Qxd1 14. Raxd1 Bd7 15. c4 b5 16. cxb5 c5 17. Be5 a6 18. b6 Bxa4 19. b7 Rd8 20. b3 Bc6 21. b8Q Rxb8 22. Bxb8 e3 23. Rfe1 d4 24. Nc4 Nd5 25. Nd6+ Ke7 26. g4 Ke6 27. f5+ Kf6 28. g5+ Ke7 29. Nc4 Nc3 30. Rd3 Ne4 31. h4 Kd8 32. Be5 Kc8 33. Re2 Rg8 34. b4 Bb5 35. Rc2 Nd2 36. Rdxd2 Bxc4 37. Rxd4 cxd4 38. Rxc4+ Kb7 39. Rxd4 Kc6 40. Rd8 e2 41. Rc8+ Kd5 42. Bg3 Bd6 43. Rc5+ Bxc5+ 44. bxc5 Kxc5 45. Kf2 Re8 46. Ke1 Kd4 47. Kd2 a5 48. h5 e1Q+ 49. Bxe1 Rxe1 50. Kxe1 Ke5 51. f6 gxf6 52. g6 hxg6 53. h6 f5 54. h7 g5 55. h8Q+ Kf4 56. Kf2 g4 57. Qd4+ Kg5 58. Kg3 Kg6 59. Kf4 Kh5 60. Qf6 1-0

[Event "GER-chT U20 Girls"]
[Site "Naunhof"]
[Date "2005.12.27"]
[Round "2.1"]
[White "Bergerhoff, Corinna"]
[Black "Janotta, Steffi"]
[Result "0-1"]
[WhiteElo "1541"]
[BlackElo "1865"]
[PlyCount "82"]
[EventDate "2005.12.27"]
[EventType "team-swiss"]
[EventRounds "7"]
[EventCountry "GER"]
[SourceTitle "CBM 110 Extra"]
[Source "ChessBase"]
[SourceDate "2006.03.10"]
[SourceVersion "2"]
[SourceVersionDate "2006.03.10"]
[SourceQuality "1"]

1. e4 e5 2. Nf3 Nc6 3. Bc4 Nf6 4. c3 Nxe4 5. Qe2 d5 6. 0-0 Bc5 7. Nxe5 Nxe5 8. d4 Nxc4 9. dxc5 0-0 10. Be3 Re8 11. Re1 Nxc5 12. Qf3 Nxe3 13. Rxe3 Rxe3 14. Qxe3 Ne6 15. Nd2 Qg5 16. Qe2 Bd7 17. Nf3 Qg4 18. h3 Qe4 19. Qd2 Nf4 20. Re1 Nxh3+ 21. Kh2 Qf4+ 22. Qxf4 Nxf4 23. Re7 Be6 24. Rxc7 Rb8 25. Ne5 Kf8 26. g3 Ng6 27. Nd3 Ke8 28. Nc5 Nf8 29. Nxb7 Nd7 30. b3 Ke7 31. Nc5 Kd6 32. Nxd7 Kxc7 33. Nxb8 Kxb8 34. Kg2 Kc7 35. Kf3 Kd6 36. Kf4 a5 37. Ke3 Kc5 38. Kd3 g5 39. a3 h5 40. f3 h4 41. gxh4 gxh4 0-1

[Event "Mecklenburg VP-ch MT"]
[Site "Nakenstorf"]
[Date "2005.03.28"]
[Round "9.13"]
[White "Herholz, Holger"]
[Black "Janotta, Steffi"]
[Result "1/2-1/2"]
[WhiteElo "2031"]
[BlackElo "1990"]
[PlyCount "48"]
[EventDate "2005.03.24"]
[EventType "swiss"]
[EventRounds "9"]
[EventCountry "GER"]
[SourceTitle "EXT 2022"]
[Source "ChessBase"]
[SourceDate "2021.10.06"]
[SourceVersion "1"]
[SourceVersionDate "2021.10.06"]
[SourceQuality "1"]

1. d4 d5 2. c4 c6 3. Nc3 Nf6 4. Nf3 dxc4 5. Ne5 Bf5 6. a4 e6 7. Nxc4 Bb4 8. Qb3 Na6 9. e3 Ne4 10. Nd2 Qa5 11. Bxa6 Bxc3 12. bxc3 Qxa6 13. c4 0-0 14. f3 Nxd2 15. Bxd2 Rfd8 16. 0-0 e5 17. d5 cxd5 18. cxd5 Qd3 19. Qb2 Qxd5 20. Bc3 f6 21. e4 Qc5+ 22. Kh1 Be6 23. Rfc1 Qe7 24. Rab1 Rd7 1/2-1/2

[Event "Mecklenburg VP-ch MT"]
[Site "Nakenstorf"]
[Date "2005.03.25"]
[Round "3.2"]
[White "Herde, Dittmar"]
[Black "Janotta, Steffi"]
[Result "0-1"]
[WhiteElo "2021"]
[BlackElo "1990"]
[PlyCount "64"]
[EventDate "2005.03.24"]
[EventType "swiss"]
[EventRounds "9"]
[EventCountry "GER"]
[SourceTitle "EXT 2022"]
[Source "ChessBase"]
[SourceDate "2021.10.06"]
[SourceVersion "1"]
[SourceVersionDate "2021.10.06"]
[SourceQuality "1"]

1. d4 d5 2. c4 c6 3. cxd5 cxd5 4. Nc3 Nf6 5. Nf3 Nc6 6. Bf4 Bf5 7. e3 Qb6 8. Qd2 e6 9. a3 a6 10. Qc1 Rc8 11. Be2 Na5 12. Nd2 Ne4 13. Bd1 Nxc3 14. bxc3 Qc6 15. 0-0 Qxc3 16. Bf3 Be7 17. Qxc3 Rxc3 18. e4 dxe4 19. Bxe4 Bxe4 20. Nxe4 Rxa3 21. Rxa3 Bxa3 22. Rb1 b5 23. Nc5 Bxc5 24. dxc5 Nc6 25. Ra1 a5 26. Bd6 f6 27. Bc7 Kd7 28. Bxa5 Nxa5 29. Rxa5 Kc6 30. Ra6+ Kxc5 31. Rxe6 b4 32. Re7 Rb8 0-1